00446nam a2200169Ia 450000500170000000800410001702000150005808200130007324500590008626000280014530000160017365000110018965000140020065000120021470000220022670000280024820240802022354.0240331s9999 xx 000 0 und d a0415089689 bGENa376 0aGender and Ethnicity in SchoolsbEthnographic Accounts aLondonbRoutledgec1993 avi, 228 p., aGender aEthnicity aCulture aWoods, Petereedt aHammersley, Martyneedt